000 00552ntaaa2200205 4500
003 01
005 20251027203042.0
008 0714s1973 ag 01
020 _a9589354084
040 _aAR-BaBN
_bspa
_cAR-BaBN
_eaacr
_dRIC
082 _a261.8710 F85c
100 _aFrangipane, Francis
_931665
245 _aLa casa del Señor
250 _a1 ed.
260 _aBogotá :
_bLibros Desafío,
_c1994
300 _a230 p ;
_c21 cm
500 _aContiene Glosario y Puntos resaltantes de cada capítulo
700 _aDawson, John
_931395
942 _cBK
999 _c25887
_d25887